000 002600000a22000970004500
100 1 _aEsquivel, Julia (1930 - )
245 1 0 _aCuando llegue la hora
300 _aVol. 6, Num 2 (Julio-Diciembre, 1986), Páginas 64-65
773 0 _tVida y pensamiento
942 _cANA
999 _c52785
_d52785